000 01037nam a22003017a 4500
003 CHAP
005 20220329140334.0
008 971013s1981 r 00010 d
010 _a50632
011 _a51604
035 _a55754
040 _cCHAP
090 _aTesis
100 0 0 _aRodríguez Félix, Eduardo.
_998482
245 _aEstudio del nivel detallista sobre el mercadeo de productos agrícolas en el municipio de Monterrey, N. L.
260 _aMonterrey, N. L. :
_bEl autor,
_c1981
300 _a52 h.
502 _aTesis (Ing. Agr. Administrador) -- ITESM. División de Ciencias Agropecuarias y Marítimas
590 _aALEPH
_b10
_c20130110
_lUCH01
_h1325
590 _aBATCH-UPD
_b10
_c20130110
_lUCH01
_h0732
590 _aBATCH-UPD
_b10
_c20130410
_lUCH01
_h0415
590 _aBATCH-UPD
_b10
_c20130914
_lUCH01
_h1939
590 _aCONVERSION
_b10
_c20130109
_lUCH01
_h1327
650 1 4 _aProductos agrícolas
_xMercadeo
_xNuevo León.
_991983
901 _aBK
942 _cTESIS
949 _bBC
_cTES
_d-122171
_eTS1
_i55754
_si
999 _c50632
_d50632